000 00913cam a22002415a 4500
001 L159326
008 160811s2016 xxk f 000 0 eng d
020 _a9781316560600
035 _a(Sirsi) u159326
041 0 _aeng
100 1 _aHall, Jim
245 0 4 _aThe Future of National Infrastructure
_h[electronic resource]
260 _aCambridge
_bCambridge University Press
_c2016
520 _aProvides practitioners, policy-makers, and academics with the concepts, models and tools needed to identify and test robust, sustainable, and resilient strategies for the provision of national infrastructure.
590 _aKA
651 4 _aENGLAND AND WALES
690 _aInfrastructure
_96246
700 1 _aNicholls, Robert
700 1 _aTran, Martino
700 1 _aHickford, Adrian
856 4 0 _uhttps://www.vlebooks.com/
_zView on VLEbooks. Logins for members only from [email protected]
942 _n0
999 _c115808
_d115808